000 00700nam a22002657a 4500
001 BR8001915
003 BR-BrBNA
005 20230928090553.0
007 ta
008 230509b bl.||||| |||| 00| 0 por d
040 _aBR-BrBNA
_bpor
_cBiblioteca Nacional de Agricultura
041 _a(Por)
072 _aN10
_b4410
_b/G514
090 _ 4410 BR8001915
100 1 _aFabichak, I.
245 1 _aPequenas construcoes rurais [Brasil]
250 1 _a4. ed.
260 3 _aSao Paulo, SP (Brasil):
_bLivraria nobel,
_c1980.
300 _a119 p.
500 _a35 illus.
650 _aEngenharia agricola
650 _aInstalacao agricola
909 _a202309
_bLucia
_c55
_dLucia Elande
942 _cBK
999 _c29410
_d29410